Statistics for Harry Potter characters by actors picture

Click here to take the quiz!

General Stats

  • This quiz has been taken 125 times
  • The average score is 23 of 31

Answer Stats

Answer% Correct
Harry Potter
100%
Hermione Granger
100%
Ron Weasley
98%
Ginny Weasley
96%
Severus Snape
96%
Draco Malfoy
95%
Fred Weasley
95%
George Weasley
95%
Luna Lovegood
93%
Rubeus Hagrid
86%
Bellatrix Lestrange
84%
Cho Chang
84%
Neville Longbottom
84%
Cedric Diggory
83%
Remus Lupin
83%
Sirius Black
78%
Lucius Malfoy
77%
Narcissa Malfoy
74%
Arthur Weasley
73%
Peter Pettigrew
73%
Nymphadora Tonks
68%
Dolores Umbridge
65%
Albus Dumbledore
61%
Dean Thomas
61%
Tom riddle
61%
Dudley Dursley
60%
Seamus Finnigan
59%
Barty Crouch Jr.
43%
Dobby
35%
Rita Skeeter
32%
Colin Creevey
23%

Score Distribution

Percentile by Number Answered

Percent of People with Each Score

Your Score History

You have not taken this quiz